Caro y su obra (Registro nro. 12569)

Detalles MARC
000 -ENCABEZADO
Número de control [NR] 00780nam a2200217Ia 4500
008 - DE LONGITUD FIJA DE DATOS DE ELEMENTOS - INFORMACIÓN GENERAL
Elementos de longitud fija [NR] 130821s1948 ck gr spa
040 ## - FUENTE DE CATALOGACION [NR]
Agencia de catalogación original [NR] Co-BoUCM
Idioma de catalogación [NR] spa
041 ## - CODIGO DE IDIOMA [R]
Código de idioma para texto/pista de sonido o título separado [R] Español
100 ## - ASIENTO PRINCIPAL--NOMBRE PERSONAL [NR]
Nombre personal [NR] Bonilla, Manuel Antonio
ID Autoridad 114757
245 ## - MENCION DE TITULO [NR]
Título [NR] Caro y su obra
Mención de responsabilidad, etc. [NR] Manuel Antonio Bonilla
260 ## - PUBLICACION, DISTRIBUCION, ETC. (PIE DE IMPRENTA) [R]
Lugar de publicación, distribución, etc. [R] Bogotá (Colombia)
Nombre del editor, distribuidor, etc. [R] Imprenta Nacional
Fecha de publicación, distribución, etc. [R] 1948
300 ## - DESCRIPCION FISICA [R]
Extensión [R] 308 páginas
500 ## - NOTA GENERAL [R]
Nota general [NR] Notas al pie de página
600 ## - ASIENTO SECUNDARIO DE MATERIA - NOMBRE PERSONAL [R]
Nombre personal [NR] Caro Tovar, Miguel Antonio
Fechas asociadas con el nombre [NR] 1843-1909
9 (RLIN) 62197
600 ## - ASIENTO SECUNDARIO DE MATERIA - NOMBRE PERSONAL [R]
Nombre personal [NR] Caro Tovar, Miguel Antonio
Fechas asociadas con el nombre [NR] 1843-1909
Subdivisión general [R] Crítica e interpretación, etc.
9 (RLIN) 80774
650 04 - ASIENTO SECUNDARIO DE MATERIA - TERMINO TEMATICO [R]
Término temático o nombre geográfico como elemento de entrada [NR] Literatura colombiana
9 (RLIN) 18629
650 04 - ASIENTO SECUNDARIO DE MATERIA - TERMINO TEMATICO [R]
Término temático o nombre geográfico como elemento de entrada [NR] Literatura española
9 (RLIN) 7793
650 04 - ASIENTO SECUNDARIO DE MATERIA - TERMINO TEMATICO [R]
Término temático o nombre geográfico como elemento de entrada [NR] Literatura portuguesa
9 (RLIN) 18728
942 ## - ELEMENTOS DE ENTRADA AGREGADOS (KOHA)
Tipo de ítem principal el descrito en 300a Libro
Tema principal Literatura
Edición 1
Prefijo de la signatura top. (colección) Literatura - Colombia
Parte restante de la signatura top. B65
Sistema de clasificación DEWEY
Clasificación 860.6
Existencias
Fecha de último préstamo Total préstamos Signatura topográfica Código de barras Última vez visto Ejemplar Price effective from Tipo de ítem Perdido Sistema de clasificación Dañado No prestable Tipo de ítem específico Suprimido Ubicación habitual Ubicación actual Localización Fecha de creación Forma de adquisición Costo
17/09/2011 5 C 860.6 B65 100021224 09/12/2025 Ej.1 03/02/2013 Libro   DEWEY     Libro   Claustro Claustro 2do piso 28/02/2003 Donación 180.00